Tunneling in reliability study of MOS structures /
Saved in:
| Main Author: | |
|---|---|
| Format: | Thesis Book |
| Language: | English |
| Published: |
1999
|
| Tags: |
Add Tag
No Tags, Be the first to tag this record!
|
| LEADER | 00677cam a2200205 a 4500 | ||
|---|---|---|---|
| 001 | u469740 | ||
| 003 | SIRSI | ||
| 008 | 000929s1999 si v 00 1 eng m | ||
| 035 | |a ACM-3524 | ||
| 040 | |a UMM | ||
| 090 | |a TK7 |b NUS 1999 Ma | ||
| 100 | 1 | 0 | |a Ma, Siguang. |
| 245 | 1 | 0 | |a Tunneling in reliability study of MOS structures / |c by Ma Siguang. |
| 260 | |c 1999 | ||
| 300 | |a ix, 82 leaves : |b ill. ; |c 30 cm. | ||
| 502 | |a Dissertation (M.Eng.) -- National University of Singapore, 1999. | ||
| 504 | |a Bibliography: leaves 71-80. | ||
| 948 | |a 03/10/2000 |b 31/10/2002 | ||
| 596 | |a 1 | ||
| 999 | |a TK7 NUS 1999 MA |w LC |c 1 |i A509932176 |l B_KOM4 |m P01UTAMA |r Y |s Y |t TESIS |u 11/11/2002 |o .PUBLIC. bkom 4 : 45687 | ||
